000
00193 a2200097 4500
020
_a
140004314x
041
_a
eng
100
_a
Joan Didion
245
_a
The Year of Magicl Thinking
942
_c
BK
999
_c
16492
_d
16492